=LDR 00000nam 2200000 4500 =001 INLIS000000000040902 =005 20130612150446 =008 ***********************************Ind** =035 ##$$0010-061300000040902 =041 ##$$a Ind =082 ##$$a 813 =090 ##$$a 813, Coe d =100 ##$$a Coelho, Paulo =245 ##$$a Ditepi sungai Piectna aku duduk dan menangis/ oleh, Paulo Coelho; alih bahasa Rosi L Simamora =260 ##$$a 2010 $b Jakarta =300 ##$$a 222 hlm., 21 cm =650 ##$$a Fiksi =700 ##$$a Simamora, Rosi =850 ##$$a NBPNMAT =990 ##$$a 0001/BPAP-NTB/20142015